000 00968nam a2200277Ia 4500
003 OSt
005 20221005105806.0
006 a|||||r|||| 00| 0
007 ta
008 221004b |||||||| |||| 00| 0 hin d
020 _a9788171381821 (pbk)
_cIndian Rupees 150
024 _a38817
037 _bGift, 22/08/2018,
_cTextual
040 _aCRL
_cCRL
_bhin
041 _2hin
_ahin
082 _aO152,3N63,PP, P9
100 _aशरद सिंह, ले.
245 0 _aपिछले पन्ने की औरतें
246 _aPichhale panne kī auratean
260 _aनई दिल्ली
_bसामयिक प्रकाशन भारत
_c2009
300 _a304पृ0
_ccm.
650 _a हिन्दी साहित्य
650 _aहिन्दी कहानी
942 _hO152,3N63,PP, P9
_cTEXL
_2cc
999 _c1016919
_d1016919